000 00715nam a2200253Ia 4500
003 OSt
005 20220918200342.0
006 a|||||r|||| 00| 0
007 ta
008 220917b |||||||| |||| 00| 0 eng d
024 _a88,436
037 _cTextual
040 _aARTS
_cARTS
_beng
041 _2eng
_aeng
082 _aT6:3, L4
100 _aGraubard Paul
_993729
245 0 _aClassroom that work
_b Prescriptions for change
260 _aNew York
_bE P Dutton
_c1974
300 _ax, 214p.
_ccm.
650 _aEXCEPTIONAL CHILDREN - EDUCATION
_993730
700 _a Rosenberge Harry
_993731
942 _hT6:3, L4
_cTEXL
_2CC
999 _c212124
_d212124